01016nam a2200277 a 450000100060000000300080000600500170001400800410003103500190007204000270009104100080011808200250012610000380015124501130018925000120030226000460031430000250036035000120038550400320039765100460042965100350047565100420051094200120055299900170056495201570058164315BD-RjUL20211209081307.0170213s1974 ii b 001 0 eng  a(BD-RjUL)64445 aDLCcDLCdBD-RjULbeng aeng00a954.13223bTIJ 19741 aTikkiwal, Harish Chandra.919096010aJaipur and the later Mughals (1707-1803 A.D.) :ba study in political relations /c Harish Chandra Tikkiwal, a1st ed. aJaipur :bPrinted at Hema Printers,c1974 aii, 203 p. ;c23 cm. aRs30.00 aBibliography: p. [188]-196. 0aJaipur (Princely State)xHistory.9190961 0aMogul EmpirexHistory.9190120 0aIndiaxHistoryy18th century.9190200 2ddccBK c64315d64315 00102ddc40718NFICaRUCLbRUCLcReadingd1976-04-22eK.P. Bageli & co., Calcuttag30.00l0o954.13 TIJ 1974r2017-02-13 00:00:00tC-1w2017-02-13yBK